Statistics for Unscramble Countries #2

Click here to take the quiz!

General Stats

  • This quiz has been taken 655 times
    (602 since last reset)
  • The average score is 13 of 15

Answer Stats

HintAnswer% Correct
anidiIndia
98%
gtpyeEgypt
97%
sirusaRussia
92%
dcnaaaCanada
92%
myeneYemen
91%
nploadPoland
90%
wtkuaiKuwait
89%
gonialmoMongolia
88%
comanoMonaco
88%
disau braiaaSaudi Arabia
86%
lbesruaBelarus
81%
tagumleaaGuatemala
80%
zakkhatnasKazakhstan
79%
gtanreinaArgentina
74%
tlaiusraaAustralia
68%

Score Distribution

Percentile by Number Answered

Percent of People with Each Score

Your Score History

You have not taken this quiz since the last reset